| 000 | 00589nam a2200217 a 4500 | ||
|---|---|---|---|
| 005 | 20210219152919.0 | ||
| 008 | 991125n 000 0 eng u | ||
| 035 | _aUPN01000066953 | ||
| 100 | _aEntin, David H. | ||
| 222 | _aCHANGE | ||
| 245 | _aCase study number one : Boston les than meets the eye | ||
| 300 | _a28-31 | ||
| 362 | _a1993 25, No. 3 | ||
| 505 | _aNoviembre 1993 | ||
| 653 | 0 | _aADMINISTRACION DE COLEGIOS | |
| 653 | 0 | _aCONTROL DE CALIDAD | |
| 653 | 0 | _aIMPLEMENTACION DE PROGRAMAS | |
| 653 | 0 | _aSISTEMAS DE DIRECCION | |
| 904 |
_aAC _b004764 |
||
| 905 | _aArticulo | ||
| 999 |
_c63741 _d63741 |
||